| 000 | 00742nam a2200289Ia 4500 | ||
|---|---|---|---|
| 008 | 171120s9999 xx 000 0 und d | ||
| 020 | _a9.7805453567e+012 | ||
| 050 | _a428.2 | ||
| 050 | _bT315 2010 | ||
| 100 | _aTerban, Marvin | ||
| 245 | _aGuide to grammar / | ||
| 245 | _cby Marvin Terban. | ||
| 260 | _aNew York : | ||
| 260 | _bScholastic Inc., | ||
| 260 | _c2010 | ||
| 300 | _a255 pages : | ||
| 300 | _bcolor illustrations ; | ||
| 300 | _c21cm. | ||
| 500 | _aIncludes index. | ||
| 650 | _aEnglish language -- | ||
| 650 | _aEnglish language -- | ||
| 650 | _aEnglish language -- | ||
| 650 | _xGrammar -- Juvenile literature. | ||
| 650 | _xUsage -- Juvenile literature. | ||
| 650 | _xUsage. | ||
| 700 | _aTitle. | ||
| 999 |
_c345074 _d345074 |
||